Normal view
MARC view
- LITURGIA
Entry TÉRMINO TEMÁTICO
001 - NUMERO DE CONTROL DEL REGISTRO
- campo de control: 429394
003 - IDENTIFICADOR DEL NUMERO DE CONTROL
- campo de control: ES-SlBCS
005 - FECHA Y HORA DE LA ULTIMA TRANSACCION
- campo de control: 20260312094007.0
008 - ELEMENTOS DE LONGITUD FIJA
- campo de control de longitud fija: 260312|| aca||aabn | a|a d
040 ## - FUENTE DE LA CATALOGACION
- Agencia que crea de manera original el registro: ES-SlBCS
- Agencia que realiza la transcripción: ES-SlBCS
150 ## - ENCABEZAMIENTO - TEMÁTICO
- Encabezamiento temático: LITURGIA
- Subdivisión de forma: Guiones litúrgicos
- Subdivisión general: Ciclo A
670 ## - FUENTE EN LA QUE SE LOCALIZARON DATOS
- Cita de la fuente: Work cat.: (ES-SlBCS): Maya Maya, Francisco (coord.) - Cabezas de Herreras, Ricardo - Moreno Losada, José 429393, «Conectados y... ¿vinculados?» «Se hizo uno de tantos» (Flp 2,7). Cuaresma y Pascua 2020., 2020
